banner-ar

WALL COVERINGS: PANELING WALLPSPERING FABRICS PAINTING / (Record no. 12644)

MARC details
000 -الفاتح
حقل البيانات ثابتة الطول 00564nam a2200205Ia 4500
008 - عناصر البيانات ثابتة الطول - معلومات عامة
حقل البيانات ثابتة الطول 140319s9999 xx 000 0 eng d
040 ## - مصدر الفهرسة
وكالة الفهرسة الأصلية GCL /
وكالة النسخ GCL
082 04 - رقم تصنيف ديوى العشرى
رقم التصنيف 747.3
رقم المادة S W
100 1# - المدخل الرئيسى - إسم شخصى
الإسم الشخصى SUNSET BOOKS
245 10 - بيان العنوان
العنوان WALL COVERINGS: PANELING WALLPSPERING FABRICS PAINTING /
بيان المسئوليه,etc SUNSET BOOKS
700 1# - المدخل الاضافى - اسم شخصى
الإسم الشخصى SUNSET MAGAZINE
700 1# - المدخل الاضافى - اسم شخصى
الإسم الشخصى INTERION DECA\OATION
700 1# - المدخل الاضافى - اسم شخصى
الإسم الشخصى WALL COVERINGS
260 ## - PUBLICATION, DISTRIBUTION, ETC. (IMPRINT)
تاريخ النشر أو التوزيع 1987
300 ## - الوصف المادى
التعداد 96 P
650 04 - المدخل الاضافى بالموضوع-مصطلح موضوعى
مصطلح موضوعي WALL COVERINGS
650 04 - المدخل الاضافى بالموضوع-مصطلح موضوعى
مصطلح موضوعي INTERIOR DECORATION
942 ## - عناصر المدخل الإضافي( كوها)
مصدر التصنيف او مخطط الترفيف Dewey Decimal Classification
Koha [default] item type كتاب
260 ## - PUBLICATION, DISTRIBUTION, ETC. (IMPRINT)
-- [S.N] :
-- LANE PUBLISHING CO. ،
Holdings
حالة التراجع حالة الفقد حالة تلف ليس للاعارة المكان المؤقت الموقع الحالى تاريخ الاكتساب اجمالي اﻻعارات رقم الطلب الباركود تاريخ اخر مشاهدة تاريخ تفعيل السعر نوع وعاء كوها
        مكتبة القاهرة الكبرى مكتبة القاهرة الكبرى 03/26/2014   747.3\S W 24516 03/26/2014 03/26/2014 كتاب

Powered By

EGPV